000 00578nam a2200241 a 4500
001 nice12345678
003 IN_TiNIC
005 20260116011415.0
008 050524s1991 teha grp 000 0 ara
020 _a
_c100
082 0 0 _a892.73
_bAMI
100 _aAmili, Sk Bahauddin
245 _aAl-Kashkol
260 _aTehran
_bNo Publisher
_c1991
300 _a648p
500 _aincludes index and biblioraphy
505 2 _a3 vols. bound together
650 _aArabic-Literature
700 1 _aAmili, Sk Bahauddin
902 _bSRS
942 _cBK
999 _c1258
_d1258